Programmable Logic Controllers / (Record no. 8297)

MARC details
000 -LEADER
fixed length control field 00969nac a22002411u 4500
090 ## - LOCALLY ASSIGNED LC-TYPE CALL NUMBER (OCLC); LOCAL CALL NUMBER (OCLC)
-- 8297
008 - FIXED-LENGTH DATA ELEMENTS--GENERAL INFORMATION
fixed length control field 090203t2006 xxu||||| |||| 00| 0 eng d
010 ## - LIBRARY OF CONGRESS CONTROL NUMBER
LC control number 2006929944
020 ## - INTERNATIONAL STANDARD BOOK NUMBER
International Standard Book Number 0750681128
020 ## - INTERNATIONAL STANDARD BOOK NUMBER
International Standard Book Number 9780750681124
082 ## - DEWEY DECIMAL CLASSIFICATION NUMBER
Classification number 629.89
Item number BOL
100 ## - MAIN ENTRY--PERSONAL NAME
Personal name Bolton, W.
245 10 - TITLE STATEMENT
Title Programmable Logic Controllers /
Statement of responsibility, etc W Bolton.
250 ## - EDITION STATEMENT
Edition statement 4th ed.
260 ## - PUBLICATION, DISTRIBUTION, ETC. (IMPRINT)
Place of publication, distribution, etc Boston, MA :
Name of publisher, distributor, etc Elsevier,
Date of publication, distribution, etc c2006.
300 ## - PHYSICAL DESCRIPTION
Extent 292 p. :
Other physical details ill. ;
Dimensions 23 cm.
500 ## - GENERAL NOTE
General note Includes index.
650 ## - SUBJECT ADDED ENTRY--TOPICAL TERM
Topical term or geographic name as entry element programmable controllers
650 ## - SUBJECT ADDED ENTRY--TOPICAL TERM
Topical term or geographic name as entry element Automatic control
942 ## - ADDED ENTRY ELEMENTS (KOHA)
Item type Book - Borrowing
Call number prefix 629.89BOL
Source of classification or shelving scheme Dewey Decimal Classification
Holdings
Withdrawn status Item status Source of classification or shelving scheme Damaged status Not for loan Vendor Home library Current library Shelving location Date acquired Source of acquisition Total Checkouts Total Renewals Full call number Barcode Date last seen Date last borrowed Koha item type Cost, normal purchase price Serial Enumeration / chronology
    Dewey Decimal Classification     Alahram Central Library Central Library First floor 02/03/2008   2 1 629.89 BOL 000009862 15/07/2025 16/01/2019 Book - Borrowing    
    Dewey Decimal Classification     Alahram Central Library Central Library First floor 03/02/2009   1 1 629.89 BOL 000014478 15/07/2025 04/11/2014 Book - Borrowing 281.20 6466